Normal view MARC view
  • Color printing

Entry Topical Term

Number of records used in: 1

001 - CONTROL NUMBER

  • control field: 49917

003 - CONTROL NUMBER IDENTIFIER

  • control field: NUST

005 - DATE AND TIME OF LATEST TRANSACTION

  • control field: 20210314134458.0

008 - FIXED-LENGTH DATA ELEMENTS

  • fixed length control field: 210314|| aca||aabn | a|a d

040 ## - CATALOGING SOURCE

  • Original cataloging agency: NUST
  • Transcribing agency: NUST

150 ## - HEADING--TOPICAL TERM

  • Topical term or geographic name entry element: Color printing

670 ## - SOURCE DATA FOUND

  • Source citation: Work cat.: (NUST): Richmond, W. D. 49915, Colour and colour printing as applied to lithography, [189-?]
© 2023 Central Library, National University of Sciences and Technology. All Rights Reserved.